50 ocells de Catalunya - Statistics

General Stats
  • This quiz has been taken 53 times
  • The average score is 14 of 50
Answer Stats
Picture Answer % Correct
Erithacus rubecula (Pit-roig)
100%
Passer domesticus (Pardal)
83%
Turdus merula (Merla)
83%
Hirundo rustica (Oreneta vulgar)
72%
Upupa epops (Puput)
72%
Ciconia ciconia (Cigonya blanca)
62%
Pica pica (Garsa)
59%
Ardea cinerea (Bernat pescaire)
48%
Carduelis carduelis (Cadernera)
48%
Columba palumbus (Tudó)
45%
Luscinia megarhynchos (Rossinyol comú)
38%
Parus major (Mallerenga carbonera)
38%
Cyanistes caeruleus (Mallerenga blava)
34%
Oriolus oriolus (Oriol)
34%
Phalacrocorax carbo (Corb marí gros)
34%
Columba livia (Colom roquer)
31%
Delichon urbicum (Oreneta cuablanca)
28%
Falco tinnunculus (Xoriguer comú)
28%
Merops apiaster (Abellerol)
28%
Streptopelia decaocto (Tórtora turca)
28%
Sturnus vulgaris (Estornell)
28%
Larus michahellis (Gavià argentat)
24%
Motacilla alba (Cuereta blanca)
24%
Cuculus canorus
21%
Lanius senator (Capsigrany)
21%
Lophophanes cristatus (Mallerenga emplomallada)
21%
Phoenicurus ochruros (Cotxa fumada)
21%
Chloris chloris (Verdum)
17%
Fringilla coelebs (Pinsà comú)
17%
Garrulus glandarius (Gaig)
17%
Egretta garzetta (Martinet blanc)
14%
Motacilla cinerea (Cuereta torrentera)
14%
Periparus ater (Mallerenga petita)
14%
Sturnus unicolor (Estornell negre)
14%
Curruca melanocephala (Tallarol capnegre)
10%
Himantopus himantopus (Cames llargues)
10%
Linaria cannabina (Passerell comú)
10%
Milvus milvus (Milà reial)
10%
Saxicola rubicola (Bitxac comú)
10%
Streptopelia turtur (Tórtora europea)
10%
Sylvia atricapilla (Tallarol de casquet)
10%
Tachymarptis melba (Ballester)
10%
Corvus corone (Cornella negra)
7%
Milvus migrans (Milà negre)
7%
Phylloscopus collybita (Mosquiter comú)
7%
Riparia riparia (Oreneta de ribera)
7%
Sitta europaea (Pica-soques blau)
7%
Passer montanus (Pardal xarrec)
3%
Phoenicurus phoenicurus (Cotxa cua-roja)
3%
Circus aeruginosus (Arpella vulgar)
0%
No matching quizzes found
Score Distribution
Percent of People with Each Score
Percentile by Number Answered
Your Score History
You have not taken this quiz